000 01000cam a2200241 4500
001 ABS65320
008 020508n2002 000 0 eng u
035 _a(Sirsi) u117892
110 _aGardiner and Theobald
_9719
245 _aLead times
260 _c2002
490 _aBuilding
_v267(8229) 12 April 2002, 64-67(4)
520 _aAnalysis of lead times for recent quarter, showing the continuing downward trend, with reinforced concrete frame construction showing excellent enquiry levels. Figures analysed are lead time in weeks, and special focus on reinforced concrete frame with results for lead times, enquiry levels, order levels, workload and tender prices. Graphs. Charts. Further research results can be found at http://www.mace.co.uk
590 _aABS
650 _aLEAD TIMES
650 _aREINFORCED CONCRETE
650 _aCONCRETE FRAMES
650 _aMACE
650 _aWORKLOADS
650 _aDOWNTURN
690 _aBUILT ENVIRONMENT-BUILDING MATERIALS
942 _n0
999 _c70215
_d70215